Statistiken für Alle Jedermann und Buhlschaft Darsteller

Klicken Sie hier um das Quiz zu spielen!

Allgemein

  • Dieses Quiz wurde 7 mal gespielt
  • Das Durchschnittsergebnis liegt bei 4 aus 51

Antwortstatistiken

SpielzeitSchauspieler% Korrekt
2010-2012Birgit Minichmayr
33%
2002-2009Peter Simonischek
33%
1980-1982Senta Berger
33%
1975-1978Senta Berger
33%
1999-2001Ulrich Tukur
33%
2002-2004Veronika Ferres
33%
1920-1921Alexander Moissi
17%
1926-1931Alexander Moissi
17%
1935-1937Attila Hörbiger
17%
1947-1951Attila Hörbiger
17%
1974Christiane Hörbiger
17%
1969-1972Christiane Hörbiger
17%
1983-1989Klaus Maria Brandauer
17%
1998Sophie Rois
17%
2008-2009Sophie von Kessel
17%
1964Anna Smolik
0%
seit 2013Brigitte Hobmeier
0%
1979Christiane Buchegger
0%
seit 2013Cornelius Obonya
0%
1973-1977Curd Jürgens
0%
1926-1937Dagny Servaes
0%
1999-2001Dörte Lyssewski
0%
1947Elfi Gerhart
0%
1987-1989Elisabeth Trissenaar
0%
1961-1962Ellen Schwiers
0%
1969-1972Ernst Schröder
0%
1965-1966Eva Kerbler
0%
1946Ewald Balser
0%
1995-1998Gert Voss
0%
1946Grete Zimmer
0%
1953-1955Heidemarie Hatheyer
0%
1990-1994Helmuth Lohner
0%
1920-1921Johanna Terwin
0%
1950-1951Judith Holzmeister
0%
1952Lola Müthel
0%
1994-1997Maddalena Crippa
0%
2007Maria Bäumer
0%
1948-1949Maria Becker
0%
1963Maria Emo
0%
1956-1959Martha Wallner
0%
1983-1986Marthe Keller
0%
1978-1982Maximilian Schell
0%
1967-1968Nadja Tiller
0%
2010-2012Nicholas Ofczarek
0%
1973Nicole Heesters
0%
2005-2006Nina Hoss
0%
1932-1934Paul Hartmann
0%
1960Sigrid Marquardt
0%
1990-1993Sunnyi Melles
0%
1960-1968Walter Reyer
0%
1952-1959Will Quadflieg
0%

Verteilung der Resultate

Perzentil nach korrekt beantworteten Fragen

Anzahl Personen mit jedem Resultat

Ihre Resultats-Entwicklung

Sie haben dieses Quiz noch nicht gespielt